01435nam a22002771 4500001001300000003000400013005001700017008004100034010002200075040001700097041001100114050001800125082001800143100003400161240007200195245020900267260015300476300003100629500027300660500009500933504002801028650001601056710003901072710002901111999001701140he 65000053 DLC20260227111427.0850919s1965 is a b 00010 eng  ahe 65000053 //r85 aDLC/ICUcICU1 aengrus0 aQL391.P9bU830 a595.17091665210aUshakov, Pavel Vladimirovich.10aMnogoshchetinkovye chervi dalʹnevostochnykh moreĭ SSSR.lEnglish10aPolychaeta of the far eastern seas of the U.S.S.R.b(Mnogoshchetinkovye chervi dalʹnevostochnykh moreĭ SSSR)c[by] P.V. Ushakov. Translated from the Russian [by Jean Salkind. Edited by Rae Finesilver].0 aJerusalem,bIsrael Program for Scientific Translationsb[available from the Office of Technical Services, U.S. Dept. of Commerce, Washington]c1965. aix, 419 p.billus.c25 cm. aAt head of title: Akademiya nauk Soyuza Sovetskikh Sotsialisticheskikh Respublik, Academy of Sciences of the Union of Soviet Socialist Republics. Keys to the fauna of the U.S.S.R. published by the Zoological Institute of the Academy of Sciences of the U.S.S.R. no. 56. aPublished for the Smithsonian Institution and the National Science Foundation, Washington. aBibliography: p. 51-65. 0aPolychaeta.20aNational Science Foundation (U.S.)20aSmithsonian Institution. c30862d30862